000 00231nam a22001097a 4500
003 OSt
008 221121b |||||||| |||| 00| 0 eng d
041 _aeng
082 _a370.1
245 _aEducation from deweyto gandhi
942 _cBK
999 _c17584
_d17584